书目信息 |
| 题名: |
经济学家族
|
|
| 作者: | 杨欢进 编著 | |
| 分册: | ||
| 出版信息: | 北京 中国青年出版社 1989.6 |
|
| 页数: | 300页 | |
| 开本: | 19cm | |
| 丛书名: | ||
| 单 册: | ||
| 中图分类: | F06 | |
| 科图分类: | ||
| 主题词: | 经济学--学科--简介 | |
| 电子资源: | ||
| ISBN: | 7-5006-0381-9 | |
| 000 | 00804nam0 2200253 45 | |
| 001 | 0189019788 | |
| 005 | 20061025151107.64 | |
| 010 | @a7-5006-0381-9@dCNY4.05 | |
| 020 | @aCN@b89019788 | |
| 100 | @a19910513d1989 m y0chiy0120 ea | |
| 101 | 0 | @achi |
| 102 | @aCN@b110000 | |
| 105 | @ay z 000yy | |
| 106 | @ar | |
| 200 | 10 | @a经济学家族@Ajing ji xue jia zu@f杨欢进等编著@FYang Huan Jin Deng Bian Zhu |
| 210 | @a北京@c中国青年出版社@d1989.6 | |
| 215 | @a300页@d19cm | |
| 330 | @a本书介绍了近70个经济学科,形象地说明了各经济学科之间是带有“血缘”关系的分支系统,同时对各分支系统作了介绍。 | |
| 540 | 1 | @a经济学 家族@Ajing ji xue jia zu |
| 606 | @a经济学@x学科@x简介 | |
| 690 | @aF06@v1980 | |
| 701 | 0 | @a杨欢进@Ayang huan jin@4编著 |
| 801 | 0 | @aCN@bNLC@c20061025 |
| 905 | @f1@b258569@dF06@e5 | |
| 经济学家族/杨欢进等编著.-北京:中国青年出版社,1989.6 |
| 300页;19cm |
| ISBN 7-5006-0381-9:CNY4.05 |
| 本书介绍了近70个经济学科,形象地说明了各经济学科之间是带有“血缘”关系的分支系统,同时对各分支系统作了介绍。 |
| ● |
| 相关链接 |
|
|
|
|
正题名:经济学家族
索取号:F06/5
 
预约/预借
| 序号 | 登录号 | 条形码 | 馆藏地/架位号 | 状态 | 备注 |
| 1 | 0258568 | 000193098 | 第一样本阅览室/ [索取号:F06/5] | 在馆 | |
| 2 | 0258569 | 000193105 | 第一借阅区/ [索取号:F06/5] | 在馆 |